00746nam a2200217Ii 45000010005000000030009000050080041000140400033000550410008000880840013000961000022001092450030001312640075001613000012002363360026002483370028002743380027003029400050003299990017003799520132003965415CO-ViMGA241108s9999||||xx |||||||||||||| ||und|| aCO-ViMGAbspaerdacCO-ViMGA0 aunk aN NOT1de1 aDavid Nott95411210aDescenso al mundo perdido 1a[Lugar de publicación no identificado] : Círculo de Lectores, 1976 avolumen atextbtxt2rdacontent aunmediatedbn2rdamedia avolumebnc2rdacarrier aidficha_siabuc: 5271. -- ficha_no_siabuc:5415 c50974d50974 001040708012aMEVIGERRbMEVIGERRcLITd2006-11-27oN NOT1depECA4533r2024-11-26 10:02:24tEj.1w2024-11-26yBKz5271 | 7493